000 00536pam a2200217 a 4500
020 _c2415.00
040 _aMedical College Lib.
041 _aENG
_hENG
082 _a614.1
_bBUR
100 _aBurton, Julian.
245 _aThe Hospital Autopsy /
_c
_hTextual Documents
250 _a2nd /
_b.
260 _a :
_bArnold ,
_c2001.
300 _a415 ;
_c
365 _a2415.00
653 _aPathology
_aMedical Science
907 _a8650
930 _a5775
999 _c5774
_d5774